|
|
|
|
| LEADER |
00000cam a2200000 4500 |
| 001 |
vtls001325358 |
| 003 |
SK-MaSNL |
| 005 |
20260425231809.0 |
| 008 |
210928s1964 xo g b 00100 slo |
| 020 |
|
|
|q (brožované)
|
| 035 |
|
|
|a SNK000278111
|
| 040 |
|
|
|a SNK
|b slo
|c SNK
|e rda
|
| 041 |
0 |
|
|a slo
|
| 043 |
|
|
|a e-xo---
|a e-ur---
|
| 044 |
|
|
|a xo
|c SK
|
| 072 |
|
7 |
|a 01
|x Bibliografia. Katalógy
|2 konspekt
|
| 072 |
|
7 |
|a 94(437.6)
|x Dejiny Slovenska
|2 konspekt
|
| 080 |
|
|
|a 016
|2 2011
|
| 080 |
|
|
|a 94(437.6)"1944"
|2 2001
|
| 080 |
|
|
|a 355-051
|2 2011
|
| 080 |
|
|
|a 356.15
|2 2011
|
| 080 |
|
|
|a (437.6)
|2 2011
|
| 080 |
|
|
|a (47+57)
|2 2011
|
| 080 |
|
|
|a (083.8)
|2 2011
|
| 080 |
|
|
|a (082.2)
|2 2011
|
| 245 |
1 |
|
|a Účasť sovietskych vojakov a partizánov v Slovenskom národnom povstaní
|b (súpis literatúry)
|c zost. Ján Štrba
|
| 264 |
|
1 |
|a Bratislava
|b Univerzitná knižnica
|c 1964
|
| 300 |
|
|
|a 38 strán
|c 20 cm
|
| 336 |
|
|
|a text
|b txt
|2 rdacontent
|
| 337 |
|
|
|a bez média
|b n
|2 rdamedia
|
| 338 |
|
|
|a zväzok
|b nc
|2 rdacarrier
|
| 366 |
|
|
|e 250 kusov
|
| 504 |
|
|
|a Obsahuje register
|
| 650 |
0 |
7 |
|a Slovenské národné povstanie (1944)
|2 SNKPH
|9 177948
|
| 650 |
0 |
7 |
|a vojaci
|2 SNKPH
|9 20587
|
| 650 |
0 |
7 |
|a partizáni
|2 SNKPH
|9 31601
|
| 650 |
0 |
7 |
|a Slovak uprising (1944)
|2 SNKPHeng
|9 268548
|
| 650 |
0 |
7 |
|a Soldiers
|2 SNKPHeng
|9 286109
|
| 650 |
0 |
7 |
|a Guerrillas
|2 SNKPHeng
|9 315726
|
| 651 |
|
7 |
|a Slovensko
|2 SNKPHgeo
|9 14231
|
| 651 |
|
7 |
|a Sovietsky zväz
|2 SNKPHgeo
|9 22126
|
| 651 |
|
7 |
|a Slovakia
|2 SNKPHeng
|9 92630
|
| 651 |
|
7 |
|a Soviet Union
|2 SNKPHeng
|9 277091
|
| 655 |
|
7 |
|a odborné bibliografie
|2 SNKPH
|9 70558
|
| 655 |
|
7 |
|a súpisy
|2 SNKPH
|9 70480
|
| 655 |
|
7 |
|a jubilejné publikácie
|2 SNKPH
|9 70339
|
| 655 |
|
7 |
|a Professional bibliography
|2 SNKPHeng
|9 267157
|
| 655 |
|
7 |
|a Inventories
|2 SNKPHeng
|9 266628
|
| 655 |
|
7 |
|a Jubilee books
|2 SNKPHeng
|9 281827
|
| 700 |
1 |
|
|a Štrba, Ján
|4 com
|9 272806
|
| 958 |
|
|
|a OND
|
| 999 |
|
|
|c 717580
|d 719510
|
| 952 |
|
|
|a SNK
|b SNK
|y PREZ
|7 0
|p 17A0766120
|o snkSD 25709
|0 0
|1 0
|4 0
|d 2011-11-17
|l 0
|r 2026-02-23 21:50:18
|w 2026-02-23
|
| 952 |
|
|
|t P60, <04>, [BOOK], {604}
|a SNK
|b SNK
|y VYP
|7 0
|p 17A0129502
|o snkSD 25709 D1
|0 0
|1 0
|4 0
|d 1998-03-20
|l 0
|r 2005-01-02 00:00:00
|w 2026-02-23
|